000
00299nam a2200133Ia 4500
005
20251222155146.0
008
251222s9999||||xx |||||||||||||| ||spa||
082
_a
RE.68
100
_a
CABREJOS,Miguel.
245
0
_a
Nueva Evangelización
250
_a
1ra. ed.
264
_b
Latina
942
_c
LIB
999
_c
39388
_d
39388